000 00921nam a2200301 i 4500
003 EG-GICUC
005 20260424090142.0
008 260424s1945 fr ||||fr|||| 00| 0 fre d
040 _aEG-GiCUC
_bfre
_cEG-GiCUC
_dEG-GiCUC
_eRda
082 0 4 _221
_a343.425
_bTO . N
092 0 4 _221
099 _aLaw1 10 343.425 TO . N 1945
100 1 _aToulemon,André
_eAuteur
245 _aNouveau Code De La Presse/
_cAndré Toulemon.
264 1 _aParis:
_c1945.
300 _a34 page ;
_c 24 cm.
336 _2rda contenu
_a texte
337 _2rda medias
_aOrdinateur
338 _2 transporteur rda
_a Ressource en ligne
546 _aTexte en français
650 1 _aDroit Pénal
650 1 _aLégislation Relative à la Presse
700 1 _aGrelard,Marc
_eAuteur
700 1 _aPatin,Jacques
_eAuteur
856 4 0 _uhttps://fll.law.cu.edu.eg/fulltext/bks/B10-11219.pdf
905 _a59
942 _2ddc
_n0
_cBK
_e21
999 _c73264
_d73264